| 000 | 00522cac a22001691u 4500 | ||
|---|---|---|---|
| 008 | 081202t 2004ii |||||r|||| 001 0 eng d | ||
| 010 | _a2003046327 | ||
| 020 | _a0072819502 | ||
| 082 | 0 | 0 |
_a657 _bANT _222 |
| 245 | 1 | 0 |
_aAccounting, text and cases / _cRobert N. Anthony, David F. Hawkins, Kenneth A. Merchant. |
| 250 | _a11th ed. | ||
| 260 |
_aNew Delhi : _bTata McGraw-Hill Pub. Co., _cc2004. |
||
| 300 |
_axxvi, 975 p. : _c26 cm. |
||
| 500 | _aIncludes indexes. | ||
| 650 | 0 |
_aAccounting. _933555 |
|
| 942 |
_cBB _k657ANT _2ddc |
||
| 999 |
_c1099 _d1099 |
||